Green Party Candidates for President and Vice President - Statistics

General Stats
  • This quiz has been taken 7 times
  • The average score is 9 of 16
Answer Stats
Election Candidate % Correct
2012 Jill Stein
100%
2016 Jill Stein
100%
2024 Jill Stein
100%
2020 Howie Hawkins
86%
1996 Ralph Nader
86%
2000 Ralph Nader
86%
2024 Butch Ware
57%
2008 Cynthia McKinney
57%
1996 Winona LaDuke
57%
2000 Winona LaDuke
57%
2016 Ajamu Baraka
43%
2020 Angela Walker
29%
2012 Cheri Honkala
14%
2004 David Cobb
14%
2004 Pat LaMarche
14%
2008 Rosa Clemente
14%
No matching quizzes found
Score Distribution
Percent of People with Each Score
Percentile by Number Answered
Your Score History
You have not taken this quiz